ARRUPE JESUIT UNIVERSITY

CORONAVIRUS -STOP THE SPREAD - CLEAN,DISINFECT,COVER

Horizons of mission / (Record no. 126751)

MARC details
000 -LEADER
fixed length control field 01032cam a22002654a 4500
001 - CONTROL NUMBER
control field 12327274
003 - CONTROL NUMBER IDENTIFIER
control field ARRUPE
005 - DATE AND TIME OF LATEST TRANSACTION
control field 20170824095359.0
008 - FIXED-LENGTH DATA ELEMENTS--GENERAL INFORMATION
fixed length control field 010226s2001 mau b 000 0 eng
010 ## - LIBRARY OF CONGRESS CONTROL NUMBER
LC control number 2001028199
020 ## - INTERNATIONAL STANDARD BOOK NUMBER
International Standard Book Number 1561011908 (alk. paper)
040 ## - CATALOGING SOURCE
Original cataloging agency DLC
Transcribing agency DLC
Modifying agency DLC
042 ## - AUTHENTICATION CODE
Authentication code pcc
050 00 - LIBRARY OF CONGRESS CALL NUMBER
Classification number BV2500
Item number .P74 2001
082 00 - DEWEY DECIMAL CLASSIFICATION NUMBER
Classification number 266/.3
Edition number 21
300 ## - PHYSICAL DESCRIPTION
Dimensions 22 cm.
100 1# - MAIN ENTRY--PERSONAL NAME
Personal name Presler, Titus Leonard.
9 (RLIN) 27963
245 10 - TITLE STATEMENT
Title Horizons of mission /
Statement of responsibility, etc Titus Presler.
260 ## - PUBLICATION, DISTRIBUTION, ETC. (IMPRINT)
Place of publication, distribution, etc Cambridge, Mass. :
Name of publisher, distributor, etc Cowley Publications,
Date of publication, distribution, etc c2001.
300 ## - PHYSICAL DESCRIPTION
Extent xiii, 223 p. ;
440 #4 - SERIES STATEMENT/ADDED ENTRY--TITLE
Title The new church's teaching series ;
Volume number/sequential designation v. 11
9 (RLIN) 35164
504 ## - BIBLIOGRAPHY, ETC. NOTE
Bibliography, etc Includes bibliographical references (p. [203]-218).
650 #0 - SUBJECT ADDED ENTRY--TOPICAL TERM
Topical term or geographic name as entry element Anglican Communion
General subdivision Missions.
9 (RLIN) 35165
650 #0 - SUBJECT ADDED ENTRY--TOPICAL TERM
Topical term or geographic name as entry element Missions
General subdivision Theory.
9 (RLIN) 35166
906 ## - LOCAL DATA ELEMENT F, LDF (RLIN)
a 7
b cbc
c orignew
d 1
e ocip
f 20
g y-gencatlg
942 ## - ADDED ENTRY ELEMENTS (KOHA)
Source of classification or shelving scheme Library of Congress Classification
Koha item type Monograph ( Printed materials)
Holdings
Withdrawn status Lost status Source of classification or shelving scheme Damaged status Not for loan Collection code Home library Current library Shelving location Date acquired Total Checkouts Full call number Barcode Date last seen Price effective from Koha item type
    Library of Congress Classification     Main Collection ARRUPE LIBRARY ARRUPE LIBRARY Main Collection 24/08/2017   BV2500 .P74 2001 46500023497 24/08/2017 24/08/2017 Monograph ( Printed materials)

 

Arrupe Library. PO Box MP320 Mt Pleasant, Harare, Zimbabwe
263 242 745411|librarian@aju.ac.zw